Cyprinid Fishes (Record no. 12823)
[ view plain ]
| 000 -LEADER | |
|---|---|
| fixed length control field | 00210 a2200097 4500 |
| 245 ## - TITLE STATEMENT | |
| Title | Cyprinid Fishes |
| Medium | Text |
| 020 ## - INTERNATIONAL STANDARD BOOK NUMBER | |
| International Standard Book Number | QL638.C94C96 |
| 100 ## - MAIN ENTRY--PERSONAL NAME | |
| Personal name | Ian J Winfield |
| 650 ## - SUBJECT ADDED ENTRY--TOPICAL TERM | |
| Topical term or geographic name entry element | Fisheries |
| 084 ## - | |
| -- | QL638.C94C96 |
No items available.